Minas de Almadén : (Record no. 162520)

MARC details
000 -LEADER
campo de control de longitud fija 01034nam a22002295i 4500
001 - NÚMERO DE CONTROL
campo de control 162520
003 - IDENTIFICADOR DE NÚMERO DE CONTROL
campo de control ES-MaACL
005 - FECHA Y HORA DE LA ÚLTIMA TRANSACCIÓN
campo de control 20251220063022.0
008 - DATOS DE LONGITUD FIJA--INFORMACIÓN GENERAL
campo de control de longitud fija 951113s1846 sp |||| | spa d
080 ## - NÚMERO DE LA CLASIFICACIÓN DECIMAL UNIVERSAL
Número de la Clasificación Decimal Universal 622(464.3)
080 ## - NÚMERO DE LA CLASIFICACIÓN DECIMAL UNIVERSAL
Número de la Clasificación Decimal Universal 622.349.9(460.354 Almadén)
080 ## - NÚMERO DE LA CLASIFICACIÓN DECIMAL UNIVERSAL
Número de la Clasificación Decimal Universal 55(460.287 Almadén)
100 1# - ENTRADA PRINCIPAL--NOMBRE DE PERSONA
Nombre de persona Prado, Casiano de,
Fechas asociadas al nombre 1797-1866
9 (RLIN) 93606
245 10 - MENCIÓN DEL TÍTULO
Título Minas de Almadén :
Resto del título de la constitución geológica de sus criaderos, con una noticia sobre el sistema seguido en su laboreo y en el beneficio de sus minerales /
Mención de responsabilidad, etc. por el ingeniero D. Casiano de Prado.
260 ## - PUBLICACIÓN, DISTRIBUCIÓN, ETC.
Lugar de publicación, distribución, etc. Madrid :
Nombre del editor, distribuidor, etc. [s.n.],
Fecha de publicación, distribución, etc. 1846 (
Fabricante Imp. y Fundición de Eusebio Aguado)
300 ## - DESCRIPCIÓN FÍSICA
Extensión 75 p., [1] h. de lám. col. ;
Dimensiones 22 cm.
650 ## - PUNTO DE ACCESO ADICIONAL DE MATERIA--TÉRMINO DE MATERIA
Término de materia o nombre geográfico como elemento de entrada Minas-
Subdivisión geográfica Almadén.
9 (RLIN) 136500
650 ## - PUNTO DE ACCESO ADICIONAL DE MATERIA--TÉRMINO DE MATERIA
Término de materia o nombre geográfico como elemento de entrada Minas de mercurio-
Subdivisión geográfica Almadén.
9 (RLIN) 167428
650 #4 - PUNTO DE ACCESO ADICIONAL DE MATERIA--TÉRMINO DE MATERIA
Término de materia o nombre geográfico como elemento de entrada Geología-
Subdivisión geográfica Almadén.
9 (RLIN) 150845
852 4# - LOCALIZACIÓN
Ubicación ES-MaACL
Número de control de estantería T-1105-F-1
Nota libre - Enc. hol., falto de cub. original
-- - Enc. en un vol. facticio
-- - Legado de Federico de Botella y de Hornos
Holdings
Estatus retirado Estado de pérdida Estado de daño No para préstamo Colección Biblioteca de origen Biblioteca actual Ubicación en estantería Fecha de adquisición Total de préstamos Signatura topográfica completa Código de barras Visto por última vez Precio de reemplazo Tipo de ítem Koha
        Colección de folletos Biblioteca del Ateneo de Madrid Biblioteca del Ateneo de Madrid Depósito folletos 17/01/2008   T-1105-F-1 1170261 23/02/2023 23/02/2023 Folleto